A mathematical Interdiction To Fluid Mechanics (Record no. 26950)
[ view plain ]
| 000 -LEADER | |
|---|---|
| fixed length control field | 00398nam a22001697a 4500 |
| 003 - CONTROL NUMBER IDENTIFIER | |
| control field | OSt |
| 005 - DATE AND TIME OF LATEST TRANSACTION | |
| control field | 20220114093355.0 |
| 008 - FIXED-LENGTH DATA ELEMENTS--GENERAL INFORMATION | |
| fixed length control field | 220114b |||||||| |||| 00| 0 eng d |
| 020 ## - INTERNATIONAL STANDARD BOOK NUMBER | |
| International Standard Book Number | 9788184891263 |
| 040 ## - CATALOGING SOURCE | |
| Transcribing agency | HU |
| 082 ## - DEWEY DECIMAL CLASSIFICATION NUMBER | |
| Classification number | 532 |
| 100 ## - MAIN ENTRY--PERSONAL NAME | |
| Personal name | Chorin J. Alexandre |
| 9 (RLIN) | 27927 |
| 245 ## - TITLE STATEMENT | |
| Title | A mathematical Interdiction To Fluid Mechanics |
| 250 ## - EDITION STATEMENT | |
| Edition statement | 3rd |
| 300 ## - PHYSICAL DESCRIPTION | |
| Type of unit | 168 |
| 942 ## - ADDED ENTRY ELEMENTS (KOHA) | |
| Source of classification or shelving scheme | Dewey Decimal Classification |
| Koha item type | Books like text book referance book |
| Suppress in OPAC | No |
| Withdrawn status | Lost status | Source of classification or shelving scheme | Damaged status | Not for loan | Home library | Current library | Shelving location | Date acquired | Total Checkouts | Full call number | Barcode | Date last seen | Copy number | Price effective from | Koha item type |
|---|---|---|---|---|---|---|---|---|---|---|---|---|---|---|---|
| Dewey Decimal Classification | IoT Library | IoT Library | General Stacks | 01/14/2022 | 532/CHO/2009 | IOTL0004655 | 01/14/2022 | 1 | 01/14/2022 | Books like text book referance book | |||||
| Dewey Decimal Classification | IoT Library | IoT Library | General Stacks | 01/14/2022 | 532/CHO/2009 | IOTL0004656 | 01/14/2022 | 2 | 01/14/2022 | Books like text book referance book | |||||
| Dewey Decimal Classification | IoT Library | IoT Library | General Stacks | 01/14/2022 | 532/CHO/2009 | IOTL0004657 | 01/14/2022 | 3 | 01/14/2022 | Books like text book referance book | |||||
| Dewey Decimal Classification | IoT Library | IoT Library | General Stacks | 01/14/2022 | 532/CHO/2009 | IOTL0004658 | 01/14/2022 | 4 | 01/14/2022 | Books like text book referance book | |||||
| Dewey Decimal Classification | IoT Library | IoT Library | General Stacks | 01/14/2022 | 532/CHO/2009 | IOTL0004659 | 01/14/2022 | 5 | 01/14/2022 | Books like text book referance book | |||||
| Dewey Decimal Classification | IoT Library | IoT Library | General Stacks | 01/14/2022 | 532/CHO/2009 | IOTL0004660 | 01/14/2022 | 6 | 01/14/2022 | Books like text book referance book | |||||
| Dewey Decimal Classification | IoT Library | IoT Library | General Stacks | 01/14/2022 | 532/CHO/2009 | IOTL0004661 | 01/14/2022 | 7 | 01/14/2022 | Books like text book referance book |